Southville International School and Colleges
Your cart is empty.
  • Cart
  • Lists
    Public lists Eva Luna New books Lux_list list_1
    Your lists Log in to create your own lists
  • Log in to your account
  • Your cookies
  • Search history
Southville International School and Colleges
  • Advanced search
  • Recent comments
  • Most popular
  • Libraries

Log in to your account

Log in with GOOGLE


If you do not have an external account, but do have a local account, you can still log in:

  1. Home
  2. MARC view: Origami: dinosaurs /
Normal view MARC view ISBD view

Origami: dinosaurs / (Record no. 103030)

[ view plain ]
MARC details
000 -LEADER
fixed length control field 00656nam a2200181 a 4500
005 - DATE AND TIME OF LATEST TRANSACTION
control field 20140412111248.0
008 - FIXED-LENGTH DATA ELEMENTS--GENERAL INFORMATION
fixed length control field 020516s19uu xx 00 eng d
020 ## - INTERNATIONAL STANDARD BOOK NUMBER
International Standard Book Number 0-7323-1003-2
050 ## - LIBRARY OF CONGRESS CALL NUMBER
Classification number M 745.54
Item number R541 1972
100 ## - MAIN ENTRY--PERSONAL NAME
Personal name Roberts, David
245 ## - TITLE STATEMENT
Title Origami: dinosaurs /
Statement of responsibility, etc by David Roberts ; illustrated by Leslie Caswell Models by Brian Edwards.
260 ## - PUBLICATION, DISTRIBUTION, ETC. (IMPRINT)
Place of publication, distribution, etc Wilton, CT :
Name of publisher, distributor, etc Budget Books,
Date of publication, distribution, etc 1972.
300 ## - PHYSICAL DESCRIPTION
Extent 1 v. (unp.) ; ill.
520 ## - SUMMARY, ETC.
Summary, etc Create your own dinosaurs! by following the easy step-by-step instructions you can bring these 6 colorful origami models to life.
650 ## - SUBJECT ADDED ENTRY--TOPICAL TERM
Topical term or geographic name as entry element Paper folding
650 ## - SUBJECT ADDED ENTRY--TOPICAL TERM
Topical term or geographic name as entry element Origami
Holdings
Withdrawn status Lost status Damaged status Use restrictions Home library Current library Shelving location Date acquired Source of acquisition Total Checkouts Full call number Barcode Date last seen Price effective from Koha item type
        Elizalde Library Elizalde Library Main Section 05/16/2002     M 745.54 R541 1972 E3662 04/12/2014 04/12/2014 Books

Origami: dinosaurs /

APA

Roberts D., . (1972). Origami: dinosaurs. Wilton, CT: Budget Books.

Chicago

Roberts David, . 1972. Origami: dinosaurs. Wilton, CT: Budget Books.

Harvard

Roberts D., . (1972). Origami: dinosaurs. Wilton, CT: Budget Books.

MLA

Roberts David, . Origami: dinosaurs. Wilton, CT: Budget Books. 1972.

  • Place hold
  • Print
  • Cite
  • Add to your cart (remove)
  • Save record
    BIBTEX Dublin Core MARCXML MARC (non-Unicode/MARC-8) MARC (Unicode/UTF-8) MARC (Unicode/UTF-8, Standard) MODS (XML) RIS
  • More searches
    Search for this title in:
    Other Libraries (WorldCat) Other Databases (Google Scholar) Online Stores (Bookfinder.com) Open Library (openlibrary.org)

Exporting to Dublin Core...

SOUTHVILLE LIBRARY

Southville International School and Colleges Library

1281 Tropical Ave. Cor. Luxembourg St., BF Homes International, Las Pinas City

Tel. No. 8256374 / 252358 Loc. 117/146

Powered by Koha